LEADER 01177cam0 2200265 450 001 E600200062536 005 20160427110557.0 100 $a20100331d1971 |||||ita|0103 ba 101 $aita 102 $aIT 200 1 $aSacconi G., Ricerche sulla delegazione in diritto romano (Pubblicazioni dell'Istituto di diritto romano e dei diritti dell'Oriente mediterraneo, XLIII) ...$e[recensione]$f[Fritz Sturm] 210 $aNapoli$cJovene$d1971 215 $ap. 260-269$d23 cm 300 $a(mm) 300 $aEstr. da: Iura : rivista internazionale di diritto romano e antico, v. 22 (1971) 700 1$aSturm$b, Fritz$3AF00009357$4070$0229386 801 0$aIT$bUNISOB$c20160427$gRICA 850 $aUNISOB 852 $aUNISOB$jFondo|Casavola|Opusc$m148631 912 $aE600200062536 940 $aM 102 Monografia moderna SBN 941 $aM 957 $aFondo|Casavola|Opusc$b000433$gSi$d148631$hCasavola$rdono$1menle$2UNISOB$3UNISOB$420100331073739.0$520160427110557.0$6petrellap 996 $aSacconi G., Ricerche sulla delegazione in diritto romano (Pubblicazioni dell'Istituto di diritto romano e dei diritti dell'Oriente mediterraneo, XLIII) ..$91705296 997 $aUNISOB LEADER 01083cam0 2200277 450 001 E600200053248 005 20200512075154.0 010 $a8886521235 100 $a20090909d1995 |||||ita|0103 ba 101 $aita 102 $aIT 200 1 $a<>sentiero dei perplessi$eScetticismo, nichilismo e critica della religione in Italia da Nietzsche a Pirandello$fGirolamo De Liguori 210 $aNapoli$cLa cittą del sole$d1995 215 $a260 p.$d21 cm 225 2 $apensiero e la storia$fIstituto italiano per gli studi filosofici$v16 410 1$1001SOBE00033260$12001 $aIl *pensiero e la storia / Istituto italiano per gli studi filosofici$v16 700 1$aDe_Liguori$b, Girolamo$3AF00017883$4070$0158076 801 0$aIT$bUNISOB$c20200512$gRICA 850 $aUNISOB 852 $aUNISOB$j100$m88615 912 $aE600200053248 940 $aM 102 Monografia moderna SBN 941 $aM 957 $a100$b009530$gSi$d88615$rDono$1pregresso2$2UNISOB$3UNISOB$420090909092336.0$520200512075131.0$6Spinosa 996 $aSentiero dei perplessi$9823620 997 $aUNISOB